LEADER 01025nam a2200313 i 4500 001 991000818739707536 005 20020506124708.0 008 960212s1990 ne ||| | eng 020 $a0792305485 035 $ab10133963-39ule_inst 035 $aLE00637362$9ExL 040 $aDip.to Fisica$bita 084 $a1:5 084 $a1:40 084 $a006.3 084 $a621.3.9.1 084 $aQ335 100 1 $aFetzer, James H.$045156 245 10$aArtificial intelligence :$bits scope and limits /$cby James H. Fetzer 260 $aDordrecht :$bKluwer Academic Publishers,$c1990 300 $axv, 338 p. ;$c22 cm. 490 0 $aStudies in cognitive systems ;$v4 650 4$aArtificial intelligence 907 $a.b10133963$b17-02-17$c27-06-02 912 $a991000818739707536 945 $aLE006 1:5 FET$g1$i2006000161862$lle006$o-$pE0.00$q-$rl$s- $t0$u0$v0$w0$x0$y.i10157591$z27-06-02 996 $aArtificial intelligence$9185489 997 $aUNISALENTO 998 $ale006$b01-01-96$cm$da $e-$feng$gne $h0$i1